000 00702nam a2200193 a 4500
001 000032728
005 20200930065810.0
008 100222s1925 dr 001 0 spa d
040 _aDO-SdBNP
_bspa
_cBNPHU
082 _axxxx
_bR426l
110 1 _aRepública Dominicana
_9447
240 1 3 _a[Leyes etc.]
245 1 0 _aLey electoral no. 386.
250 _aed. oficial
260 _aSanto Domingo :
_bImprenta de J. R. Vda García, Sucerores,
_c1925.
300 _a12 p. ;
_c23 cm.
500 _aDe fecha 10 de abril 1926, publicada en la Gaceta Oficial No. 3741, con las modificaciones votadas por el Congreso Nacional en las leyes Nos. 399, 1134, 1239, 1247, 34, 1362, 1403 y 1452.
049 _aBNPD
999 _c32219
_d32219